000 00941nam a2200241 i 4500
001 110848
003 ES-MaACL
005 20260127062540.0
007 t|
008 070201s1920 sp ||||1| spa d
080 _a373.3.014.543(460)(042.3)
100 1 _aRedonet y López-Dóriga, Luis,
_d1875-1972
_995833
245 1 0 _aDe la enseñanza primaria en los presupuestos
_b: conferencia /
_cLuis Redonet y López-Dóriga.
260 _aMadrid :
_bReus,
_c1920.
300 _a35 p. ;
_c18 cm.
490 1 _aPublicaciones de la Real Academia de Jurisprudencia y Legislación ;
_v24
500 _3Sesión del día 8 de mayo de 1920
650 7 _aEconomía de la educación
_2embne
_9161751
700 _aReal Academia de Jurisprudencia y Legislación de España
_9217612
830 0 _aPublicaciones de la Real Academia de Jurisprudencia y Legislación ;
_v24
_9180630
852 _aES-MaACL
_jL-5193
999 _c110848
_d110848